LEGO Ninjago: Elemental Masters by Picture - Statistics

General Stats
  • This quiz has been taken 228 times
    60 since last reset
  • The average score is 26 of 63
Answer Stats
Picture Hint Answer % Correct
Fire Kai
77%
Ice Zane
69%
Lightning Jay
65%
Water Nya
65%
Creation Wu
65%
Nature Bolobo
62%
Energy | Golden Power | Green Lloyd
62%
Destruction Lord Garmadon
62%
Earth Cole
58%
Speed Griffin
58%
Time (Formerly) Krux
58%
Wind (Formerly) Morro
58%
Amber Skylor
58%
Darkness The Overlord
58%
Time (Formerly) Acronix
54%
Gravity Gravis
54%
Sound (Formerly) Jacob
54%
Poison Tox
54%
Smoke (Formerly) Ash
50%
Form Chamille
50%
Metal Karlof
50%
Mind Neuro
50%
Water (Formerly) Nyad
50%
Fire (Formerly) Ray
50%
Technology Sora
50%
Smoke Cinder
46%
Quake Frak
46%
Fusion Geo
46%
Water (Formerly) Maya
46%
Brute Force Nokt
46%
All elements existing before the Merge (except Water, Wind, Amber, Chaos elements, and Darkness) First Spinjitzu Master
42%
Light Mr. Pale
42%
Heat Wyldfyre
42%
Shockwave Zeatrix
42%
Earth (Formerly) Lilly
38%
Misfortune Zarkt
38%
Swarm Drix
35%
Balance Kizzy
35%
Fear Rox
35%
Shadow (Formerly) Shade
35%
Reflex Zur
35%
Wind Euphrasia
31%
Lightning (Formerly) Libber
31%
Unknown element Zarkar
31%
Decay Kur
27%
Plants Zant-Tanz
27%
Earth (Formerly) Benton
23%
Size Gorge
23%
Shadow Obscuria
23%
Figment Algu
19%
Propulsion Arccrack
19%
Shadow (Formerly) Dusk
19%
Unknown element Ellie
19%
Unknown element Henjamin
19%
Ice (Formerly) Hibernus
19%
Form (Formerly) Leo
19%
Gravity (Formerly) Levi
19%
Shockwave (Formerly) Levo
19%
Surface Tension Mord
19%
Imagination (Non-canon) Neido
19%
Sound (Formerly) Sono
19%
Sound Teelk
19%
Unknown element Treg
19%
No matching quizzes found
Score Distribution
Percent of People with Each Score
Percentile by Number Answered
Your Score History
You have not taken this quiz since the last reset